Najmniejsze miasto w każdym województwie będące siedzibą powiatu - Statystyki

Ogólne statystyki
  • Ten quiz został rozwiązany 30 razy
  • Średni wynik to 10 z 16
Statystyki odpowiedzi
# Miasto Populacja Województwo % Poprawnych
19 Sejny 4 889 podlaskie
82%
17 Kazimierza Wielka 5 038 świętokrzyskie
73%
29 Lesko 5 098 podkarpackie
73%
38 Proszowice 5 744 małopolskie
73%
32 Radziejów 5 081 kujawsko-pomorskie
73%
46 Kłobuck 12 220 śląskie
68%
60 Lipsko 4 948 mazowieckie
64%
29 Pajęczno 6 410 łódzkie
64%
25 Sztum 8 985 pomorskie
64%
26 Kamień Pomorski 8 213 zachodniopomorskie
59%
13 Olesno 9 047 opolskie
59%
22 Nowe Miasto Lubawskie 10 089 warmińsko-mazurskie
50%
17 Strzelce Krajeńskie 9 724 lubuskie
50%
23 Opole Lubelskie 7 864 lubelskie
45%
41 Lwówek Śląski 8 233 dolnośląskie
41%
40 Czarnków 9 838 wielkopolskie
32%
Nie znaleziono quizów pasujących do podanych kryteriów
Rozkład punktacji
Procent ludzi z każdym wynikiem
Percentyl według liczby udzielonych odpowiedzi
Twoja historia wyników
Nie rozwiązałeś tego quizu